| 000 | 00334nam a2200121Ia 4500 | ||
|---|---|---|---|
| 008 | 220620s9999||||xx |||||||||||||| ||und|| | ||
| 100 | _aMarres, Noortje||Guggenheim, Michael||Wilkie, Alex | ||
| 245 | 0 | _aInventing the Social | |
| 546 | _aEnglish[eng] | ||
| 650 | _aSociology | ||
| 856 | _uhttps://muse.jhu.edu/book/81374 | ||
| 942 | _cEB | ||
| 999 |
_c31016 _d31016 |
||